| 000 | 00367nam a2200121 4500 | ||
|---|---|---|---|
| 999 |
_c13496 _d13496 |
||
| 008 | 190327b ||||| |||| 00| 0 eng d | ||
| 100 |
_937740 _aRegalado, Edith |
||
| 245 |
_a'Filipinos must have access to safe drinking water'/ _cEdith Regalado |
||
| 260 |
_aPhilippines _bThe Philippine Star _cc2018 |
||
| 300 | _apage 8. | ||
| 650 | 0 |
_937741 _aWater. |
|
| 942 |
_2ddc _cPER |
||